00349nam a2200133Ia 4500008004100000041000800041082001500049100002500064245004400089250000900133260002500142300001900167520002900186240719s9999 xx 000 0 und d aeng a658.22 MAR aMartocchio, Joseph J aStrategic Compensation A Human Resource a10th aNoidabPearsonc2020 a394;. P. 24 Cm aGifted By : IMT Faculty